000
00283nam a2200121Ia 4500
008
190216s9999||||xx |||||||||||||| ||und||
100
_a
Thomas Pala
245
0
_a
Anthoni Purathe Rathrikal
260
_b
Dc Books Kottayam
300
_a
240
650
_a
Malayalam Novel
942
_c
BK
999
_c
27681
_d
27681